Italština pro samouky /
V roce 1990 vyšla v Supraphonu nahrávka Italštiny pro samouky autorky Jarmily Janešové z roku 1989 - nyní i tento kurz vychází digitálně. V naší digitální nabídce je i nahrávka kurzu Italština pro samouky od stejné autorky z roku 1968 (VT 7637-2) a 1995 (VT 7846-2).
Uloženo v:
| Hlavní autor: | |
|---|---|
| Další autoři: | , , , , |
| Médium: | E-audiokniha |
| Vydáno: |
Praha :
Supraphon a.s.,
2016
|
| Tagy: |
Žádné tagy |
| LEADER | 01535nim a22003257i 4500 | ||
|---|---|---|---|
| 001 | 313255 | ||
| 007 | sr nunnnnnnned | ||
| 024 | |a 099925787424 | ||
| 044 | |a xr | ||
| 100 | 1 | |a Janešová, Jarmila |4 aut | |
| 245 | 1 | 0 | |a Italština pro samouky / |c Janešová, Jarmila |
| 264 | 1 | |a Praha : |b Supraphon a.s., |c 2016 | |
| 300 | |a 1 online zdroj (1 hod., 52 min., 31 sek.) | ||
| 336 | |a mluvené slovo |b spw |2 rdacontent | ||
| 337 | |a audio |b s |2 rdamedia | ||
| 338 | |a online zdroj |b cr |2 rdacarrier | ||
| 505 | 0 | 0 | |t Lezione 1 - 9 (29 min., 12 sek.) |
| 505 | 0 | 0 | |t Lezione 10 - 20 (28 min., 57 sek.) |
| 505 | 0 | 0 | |t Lezione 20 (dokončení) - 26 (27 min., 33 sek.) |
| 505 | 0 | 0 | |t Lezione 27 - 32 (26 min., 51 sek.) |
| 520 | 2 | |a V roce 1990 vyšla v Supraphonu nahrávka Italštiny pro samouky autorky Jarmily Janešové z roku 1989 - nyní i tento kurz vychází digitálně. V naší digitální nabídce je i nahrávka kurzu Italština pro samouky od stejné autorky z roku 1968 (VT 7637-2) a 1995 (VT 7846-2). | |
| 700 | 1 | |a Baracchi, Claudia |4 nrt | |
| 700 | 1 | |a Cattaneo, Enrico |4 nrt | |
| 700 | 1 | |a Andreis, Flavio |4 nrt | |
| 700 | 1 | |a Ivič, Jasna |4 nrt | |
| 700 | 1 | |a Di Puccio, Alessandro |4 nrt | |
| 910 | |a RBIT002 | ||
| 998 | |d 401418 |a https://core.palmknihy.cz/api/books/401418/cover?sbrzg5 |b https://core.palmknihy.cz/api/books/401418/cover/400?sbrzg5 |c https://core.palmknihy.cz/api/books/401418/cover/50?sbrzg5 |e 2099-01-01 |i 099925787424 |l 6751 |q 49 |r 1 |s https://www.palmknihy.cz/kniha/401418 |t audiobook |y 2016 |z 1 | ||
| 999 | |d 313253 | ||